Freedom and healing. (Record no. 13668)

000 -LEADER
fixed length control field 00712nam a2200217 a 4500
001 - CONTROL NUMBER
control field :::00011491$&:&@@
003 - CONTROL NUMBER IDENTIFIER
control field OkBaRHE
005 - DATE AND TIME OF LATEST TRANSACTION
control field 20000607103409.0
008 - FIXED-LENGTH DATA ELEMENTS--GENERAL INFORMATION
fixed length control field s1976 j 000 0 eng u
020 ## - INTERNATIONAL STANDARD BOOK NUMBER
International Standard Book Number 080911920X
040 ## - CATALOGING SOURCE
Transcribing agency
100 1# - MAIN ENTRY--PERSONAL NAME
Personal name Lange, Joseph and Cushing, Anthony J.
245 10 - TITLE STATEMENT
Title Freedom and healing.
260 ## - PUBLICATION, DISTRIBUTION, ETC. (IMPRINT)
Place of publication, distribution, etc Pecos, NM., :
Name of publisher, distributor, etc Dove Publications
Date of publication, distribution, etc c1976
300 ## - PHYSICAL DESCRIPTION
Extent v, 101 p. ;
Dimensions 22 cm.
490 0# - SERIES STATEMENT
Series statement The Living Christian community series ; v. 3.
650 ## - SUBJECT ADDED ENTRY--TOPICAL TERM
Topical term or geographic name as entry element Christian Life
General subdivision Catholic Authors
700 ## - ADDED ENTRY--PERSONAL NAME
Personal name Cushing, Anthony J., Joint author.
942 ## - ADDED ENTRY ELEMENTS (KOHA)
Source of classification or shelving scheme
Koha item type Books
Copies
Lost status Withdrawn status Price effective from Koha item type Date acquired Date last seen Shelving location Barcode Not for loan Source of classification or shelving scheme Permanent Location Damaged status Copy number Full call number
  2010-04-14Books2010-04-142010-04-14General Stacks11491  RHEMA Bible Training College 1BX 2350.2 .L257